Cities that Start in M by Clue - Statistics

General Stats
  • This quiz has been taken 166 times
  • The average score is 16 of 20
Answer Stats
Clue City % Correct
City that Muslims pray towards Mecca
98%
Most populous French-speaking city of Canada Montréal
97%
English city once called "Cottonopolis" due to its many textile mills Manchester
95%
Home to many fashion labels including Armani and Valentino Milan
95%
Nor could Napoleon or Hitler conquer it Moscow
94%
Small city-state on the Côte d‘Azur called "Billionaires' Playground" Monaco
91%
Where the movie "Slumdog Millionaire" is set Mumbai
89%
Where Elvis lived in his "Graceland" Memphis
86%
Where eleven Israeli athletes were killed by terrorists in the 1972 Summer Olympics Munich
85%
African capital that is named after the U.S. President James Monroe Monrovia
81%
Moroccan city where one could find the "Jemaa el-Fnaa" market square Marrakesh
78%
City where Muhammad is buried Medina
77%
Host of one of the annual tennis majors Melbourne
75%
Host of the first FIFA World Cup Montevideo
74%
Pablo Escobar was the leader of this city's cartel until 1993 Medellín
73%
East African capital locally known as Xamar or Hamar Mogadishu
71%
Site of the assassination of Leon Trotsky Mexico City
66%
Most populous city in the Amazon rainforest Manaus
64%
Kenya's second biggest city and main port Mombasa
64%
Most populous city on Indonesia's Sumatra island Medan
35%
No matching quizzes found
Score Distribution
Percent of People with Each Score
Percentile by Number Answered
Your Score History
You have not taken this quiz